An investigation into English and Vietnamese idioms containing the words of possession

Introduction; Literature review and theoretical background; Methods and procedures...

Enregistré dans:
Détails bibliographiques
Auteur principal: Phạm, Thị Mai Phương.
Autres auteurs: Phan, Văn Hoà, Assoc. Prof. Dr. (Supervisor.)
Format: Inconnue
Langue:English
Publié: Đà Nẵng : The University of Da Nang, 2011.
Sujets:
Tags: Ajouter un tag
Pas de tags, Soyez le premier à ajouter un tag!
Thư viện lưu trữ: Mạng thư viện Đại học Đà Nẵng
LEADER 02914na a2200397 4500
001 000030961
003 5113
005 20240808090035.0
008 151001s2011 000 eng
040 |a Lnn  |c Lnn  |d Lnn 
041 0 |a eng 
082 0 4 |a 428.3  |b PH-P 
100 1 |a Phạm, Thị Mai Phương. 
245 1 3 |a An investigation into English and Vietnamese idioms containing the words of possession  |h [Thesis-Luận văn thạc sĩ] /  |c Phạm Thị Mai PHương ; Phan Văn Hoà hướng dẫn. 
260 |a Đà Nẵng :  |b The University of Da Nang,  |c 2011. 
300 |a 87, 17 p. ;  |c 29 cm. +  |e 1 Abstract. 
500 |a Master thesis in the English language. Field: The English language. Code: 60.22.15. 
520 3 |a Introduction; Literature review and theoretical background; Methods and procedures... 
630 0 4 |a English language. 
650 0 4 |a English language  |x Idioms. 
650 0 4 |a English language  |x Words. 
700 1 |a Phan, Văn Hoà,  |c Assoc. Prof. Dr.,  |e Supervisor. 
OWN |a LNN 
902 |a lvths 
AVA |a UDN50  |b LNN  |c English  |d 428.3 PH-P  |e available  |t Error 5001 Not defined in file expand_doc_bib_avail.  |f 1  |g 0  |h N  |i 0  |j AN  |k 1 
Z40 3 |y An investigation into English and Vietnamese idioms containing the words of possession  |l Library of UFL  |t VIEW  |x http://catalog.udn.vn:80/F?func=service&doc_library=UDN01&local_base=UDN01&doc_number=000030961&sequence=000001&line_number=0001&func_code=DB_RECORDS&service_type=MEDIA  |f tomtatphuong_000008620.pdf  |e pdf  |s 000501404  |k 20200922  |m NTMTHI 
Z40 3 |y An investigation into English and Vietnamese idioms containing the words of possession  |l Library of UFL  |t VIEW  |x http://catalog.udn.vn:80/F?func=service&doc_library=UDN01&local_base=UDN01&doc_number=000030961&sequence=000002&line_number=0002&func_code=DB_RECORDS&service_type=MEDIA  |f luanvanphuong_000008622.pdf  |e pdf  |s 001428345  |k 20200922  |m NTMTHI 
999 |a From the UDN01 
AVA |a UDN50  |b LNN  |c English  |d 428.3 PH-P  |e available  |t Error 5001 Not defined in file expand_doc_bib_avail.  |f 1  |g 0  |h N  |i 0  |j AN  |k 1 
TYP |a Printed language 
856 |y An investigation into English and Vietnamese idioms containing the words of possession  |l Library of UFL  |t VIEW  |x http://catalog.udn.vn:80/F?func=service&doc_library=UDN01&local_base=UDN01&doc_number=000030961&sequence=000001&line_number=0001&func_code=DB_RECORDS&service_type=MEDIA  |f tomtatphuong_000008620.pdf  |e pdf  |s 000501404  |k 20200922  |m NTMTHI 
856 |y An investigation into English and Vietnamese idioms containing the words of possession  |l Library of UFL  |t VIEW  |x http://catalog.udn.vn:80/F?func=service&doc_library=UDN01&local_base=UDN01&doc_number=000030961&sequence=000002&line_number=0002&func_code=DB_RECORDS&service_type=MEDIA  |f luanvanphuong_000008622.pdf  |e pdf  |s 001428345  |k 20200922  |m NTMTHI 
980 |a Mạng thư viện Đại học Đà Nẵng